| 000 | 01420nam0a2200337 4500 | ||
|---|---|---|---|
| 001 | RU\NLR\BIBL_A\012447679 | ||
| 005 | 20210322165318.0 | ||
| 010 |
_a978-5-8354-1686-8 _9200 |
||
| 021 |
_aRU _bКН-П-20-060403 _9КН-П-20-4520 |
||
| 035 | _a(NLR Aleph) 012447679 | ||
| 035 | _a(RuMoRGB)010438273 | ||
| 090 |
_a11958696 _c11958696 |
||
| 100 | _a20210204d2020 u y0rusy50 ca | ||
| 101 | 0 | _arus | |
| 102 | _aRU | ||
| 105 | _ay z ||000zy | ||
| 181 | 0 |
_ai _baxxe |
|
| 182 | 0 | _an | |
| 200 | 1 |
_aИсполнительное производство _eучебное пособие _e[по направлению подготовки "Юриспруденция"] _fД. Я. Малешин |
|
| 203 |
_aТекст _bвизуальный _cнепосредственный |
||
| 210 |
_aМосква _cСтатут _d2020 |
||
| 215 |
_a141, [2] с. _d21 |
||
| 320 | _aБиблиогр. в конце кн. и в подстроч. примеч. | ||
| 606 | 1 |
_aИсполнительное производство _yРоссийская Федерация _jУчебные издания для высших учебных заведений _2nlr_sh1 _2nlr_sh2 _3RU\NLR\AUTH\661261268 |
|
| 686 | 1 | _aХ629.217.7я73 | |
| 700 | 1 |
_aМалешин _bД. Я. _gДмитрий Ярославович |
|
| 942 | _cBOOK | ||
| 980 | _aNBR | ||
| 980 | _aNB | ||